| 000 | 00000nam 2200000zi 4500 |
| 001 | 9.888064 |
| 003 | CaOODSP |
| 005 | 20221107171859 |
| 006 | m o d f |
| 007 | cr |n||||||||| |
| 008 | 200605s2020 qucab o f000 0 fre d |
| 020 | |a9780660351520 |
| 040 | |aCaOODSP|bfre|erda|cCaOODSP |
| 043 | |an-cn-bc |
| 086 | 1 |aR64-563/2020F-PDF |
| 245 | 00|aRandonnée et camping - Parc national du Mont-Revelstoke. |
| 264 | 1|a[Gatineau, Québec] : |bParcs Canada = Parks Canada, |c[2020] |
| 300 | |a1 ressource en ligne (2 pages non numérotées) : |billustrations en couleur, cartes en couleur |
| 336 | |atexte|btxt|2rdacontent/fre |
| 337 | |ainformatique|bc|2rdamedia/fre |
| 338 | |aressource en ligne|bcr|2rdacarrier/fre |
| 500 | |aPublié aussi en anglais sous le titre : Hiking & camping - Mount Revelstoke National Park. |
| 651 | 6|aParc national du Mont-Revelstoke (C.-B.)|vGuides. |
| 655 | 7|aGuides et manuels|2rvmgf |
| 710 | 2 |aParcs Canada, |eorganisme de publication. |
| 775 | 08|tHiking & camping - Mount Revelstoke National Park.|w(CaOODSP)9.888057 |
| 776 | 0#|tRandonnée et camping - Parc national du Mont-Revelstoke.|w(CaOODSP)9.888067 |
| 794 | |tRandonnée et camping - Parc national du Mont-Revelstoke.|b2021|w(CaOODSP)9.900318 |
| 856 | 40|qPDF|s3.38 Mo|uhttps://publications.gc.ca/collections/collection_2020/pc/R64-563-2020-fra.pdf |